| 000 | 00485nam a2200193Ia 4500 | ||
|---|---|---|---|
| 005 | 20250425161522.0 | ||
| 008 | 250425s9999 xx 000 0 und d | ||
| 020 | _a412090600 | ||
| 041 | _aeng | ||
| 082 | _a621.317 | ||
| 100 | _aWARRINGTON, ALBERT RUSSELL VAN CORTLANDT | ||
| 245 | 0 | _aPROTECTIVE RELAYS: THEIR THEORY AND PRACTICE | |
| 250 | _a2ND ED. | ||
| 260 | _aLONDON | ||
| 260 |
_aReino Unido _bCHAPMAN & HALL _c1968 |
||
| 300 | _a484 | ||
| 942 | _c01 | ||
| 010 | _a22097 | ||
| 999 |
_c210831 _d210831 |
||